000 01221cam a22003497a 4500
003 CHAP
005 20220817044048.0
008 051118d2004 mx a r 00110 spa d
010 _a91335
011 _a92307
020 _a9686772.52.9
035 _a102871
040 _cCHAP
082 0 4 _a332.71
_bA54
100 0 0 _aAngel Mobarak, Gustavo del.
_95755
245 1 0 _aCosechando progreso FIRA a cincuenta años de su creación
_c/por Gustavo del Angel Mobarak
260 _aMorelia, Michoacán :
_bFideicomisos Instituidos en Relación con la Agricultura,
_c2004.
300 _a205 p. :
_bilus.
590 _aBATCH-UPD
_b10
_c20130110
_lUCH01
_h0950
590 _aBATCH-UPD
_b10
_c20130410
_lUCH01
_h0604
590 _aBATCH-UPD
_b10
_c20130914
_lUCH01
_h0505
590 _aCONVERSION
_b10
_c20130109
_lUCH01
_h1351
650 1 4 _aAyuda técnica.
_99035
650 1 4 _aCrédito agrícola.
_929022
650 1 4 _aPolítica agrícola
_zMéxico.
901 _aBK
905 _aLilia
942 _cLIBRO
949 _a332.71 A54
_bBC
_cC
_d33724000969911
_eC
_fc.3
_h107528
_i102871
_sb
949 _a332.71 A54
_bBC
_cC
_d33724000969978
_eC
_fc.2
_h107527
_i102871
_sb
949 _a332.71 A54
_bBC
_cC
_d33724000970034
_eC
_h107526
_i102871
_sb
999 _c91335
_d91335